000 00324nam a22001457a 4500
020 _a0-86163-464-0
082 _a823
_bGRA/T
100 _aGRAHAME'S, KENNETH
245 _aMR. TOAD COMES HOME
250 _a4
260 _aLONDON
_bAWARD PUBLICATIONS1994
300 _a29
650 _aENGLISH SHORT STORY
_zUK
942 _cBK
999 _c2716
_d2716